[Event "Mario Desautels mem"]
[Site "Hull CAN"]
[Date "1999.09.21"]
[Round "2"]
[White "Blais, Robert"]
[Black "Dupont, Claude"]
[Result "1-0"]
[WhiteElo "1516"]
[BlackElo "1288"]
[PlyCount "55"]
[GameId "2160767911742136"]
[EventDate "1999.09.14"]
[EventType "swiss"]
[EventRounds "5"]
[EventCountry "CAN"]

1. e4 e5 2. Nf3 Nc6 3. d4 exd4 4. Nxd4 Nxd4 5. Qxd4 d6 6. Bd3 Nf6 7. b3 Be7 8. Bb2 c5 9. Bb5+ Bd7 10. Bxd7+ Qxd7 11. Qd3 O-O 12. h3 b5 13. Nd2 Rfe8 14. O-O Qc6 15. f4 Rad8 16. Rae1 Nh5 17. Qf3 Bf6 18. c3 g6 19. f5 Be5 20. fxg6 hxg6 21. Qxf7+ Kh8 22. Qxg6 Ng7 23. Rf7 Re6 24. Qg4 Rde8 25. Ref1 b4 26. Nf3 Bxc3 27. Qh4+ Kg8 28. Ng5 1-0

[Event "Mario Desautels mem"]
[Site "Hull CAN"]
[Date "1999.09.21"]
[Round "2"]
[White "Duquette, Patrick"]
[Black "Lemieux, Richard"]
[Result "0-1"]
[WhiteElo "1917"]
[BlackElo "1838"]
[PlyCount "48"]
[GameId "2160767911742138"]
[EventDate "1999.09.14"]
[EventType "swiss"]
[EventRounds "5"]
[EventCountry "CAN"]

1. d4 Nf6 2. c4 e5 3. dxe5 Ng4 4. e4 Nxe5 5. f4 Ng6 6. Be3 Bb4+ 7. Nc3 Bxc3+ 8. bxc3 b6 9. Nf3 Bb7 10. Bd3 Nc6 11. O-O d6 12. Ng5 h6 13. Nxf7 Kxf7 14. Qh5 Qh4 15. Qd5+ Kf8 16. e5 Na5 17. Qe6 Ne7 18. Be2 Bc8 19. f5 Bxe6 20. fxe6+ Kg8 21. exd6 cxd6 22. Rf7 Nac6 23. Rf4 Qg5 24. Raf1 Qe5 0-1

[Event "Mario Desautels mem"]
[Site "Hull CAN"]
[Date "1999.09.21"]
[Round "2"]
[White "Gagnon, Fabien"]
[Black "Arsenault, Michel"]
[Result "1-0"]
[WhiteElo "2031"]
[BlackElo "1886"]
[PlyCount "87"]
[GameId "2160767911742139"]
[EventDate "1999.09.14"]
[EventType "swiss"]
[EventRounds "5"]
[EventCountry "CAN"]

1. e4 c5 2. b3 Nc6 3. Bb2 d6 4. Nf3 e6 5. g3 Nf6 6. Nc3 Be7 7. Bg2 Rb8 8. O-O O-O 9. d4 cxd4 10. Nxd4 Nxd4 11. Qxd4 a6 12. Rad1 e5 13. Qd2 b5 14. a3 Bb7 15. f4 Qc7 16. Kh1 Rbc8 17. Rc1 Qc5 18. fxe5 dxe5 19. Nd5 Bxd5 20. exd5 Nd7 21. c4 bxc4 22. Rxc4 Qb6 23. Rfc1 Rxc4 24. bxc4 Rb8 25. Rc2 Qb3 26. d6 Bxd6 27. Bc6 Rd8 28. Rc3 Qb6 29. Bxd7 Rxd7 30. Qg2 Rb7 31. c5 Bxc5 32. Rxc5 Qxc5 33. Qxb7 f6 34. Qb3+ Kf8 35. Qb4 Qxb4 36. axb4 Ke7 37. Kg2 Kd6 38. Kf3 Kd5 39. Bc3 Kc4 40. Bd2 h5 41. Ke4 g6 42. Be1 Kb3 43. Bd2 Kc4 44. Bh6 1-0

[Event "Mario Desautels mem"]
[Site "Hull CAN"]
[Date "1999.09.21"]
[Round "2"]
[White "Groleau, Gilles"]
[Black "Laurin, Jacques"]
[Result "0-1"]
[WhiteElo "1978"]
[BlackElo "1987"]
[PlyCount "100"]
[GameId "2160767911742140"]
[EventDate "1999.09.14"]
[EventType "swiss"]
[EventRounds "5"]
[EventCountry "CAN"]

1. e4 c5 2. Nf3 e6 3. Be2 Nc6 4. O-O Nf6 5. Nc3 d5 6. exd5 Nxd5 7. Bb5 Qd6 8. Ne4 Qc7 9. c4 Nf6 10. Nc3 Bd7 11. d4 cxd4 12. Nxd4 Bc5 13. Nb3 Bd6 14. f4 a6 15. Ba4 O-O 16. Be3 Rfd8 17. Qe2 e5 18. c5 Bf8 19. Rad1 Bg4 20. Rxd8 Bxe2 21. Rxa8 Bxf1 22. Kxf1 exf4 23. Bf2 g5 24. Nd4 Ne7 25. Bb3 Ng4 26. Bxf7+ Kxf7 27. Rxf8+ Kg6 28. Ne6 Qe5 29. Nd8 Nxf2 30. Kxf2 Qe3+ 31. Kf1 Qc1+ 32. Kf2 Qxb2+ 33. Ne2 Qd2 34. Nxb7 Nf5 35. Rd8 Qe3+ 36. Kf1 f3 37. Ng1 fxg2+ 38. Kxg2 Nh4+ 39. Kf1 Qf4+ 40. Ke1 Qb4+ 41. Kd1 Qxb7 42. Rd6+ Kf5 43. Ne2 Qb1+ 44. Nc1 Ng2 45. Rxa6 Ne3+ 46. Kd2 Qc2+ 47. Kxe3 Qxc1+ 48. Kf2 Qxc5+ 49. Kg2 Qc2+ 50. Kg1 Qd1+ 0-1

[Event "Mario Desautels mem"]
[Site "Hull CAN"]
[Date "1999.09.28"]
[Round "3"]
[White "Laurin, Jacques"]
[Black "Gagnon, Fabien"]
[Result "0-1"]
[WhiteElo "1987"]
[BlackElo "2031"]
[PlyCount "124"]
[GameId "2160767911742144"]
[EventDate "1999.09.14"]
[EventType "swiss"]
[EventRounds "5"]
[EventCountry "CAN"]

1. c4 c6 2. g3 Nf6 3. Bg2 d5 4. cxd5 cxd5 5. Nc3 e6 6. d3 Nc6 7. Bg5 Be7 8. Nf3 O-O 9. d4 b6 10. O-O Bb7 11. Qd2 Rc8 12. Rfd1 Nd7 13. Bf4 Bb4 14. Rac1 Na5 15. Rc2 Nc4 16. Qc1 Qe7 17. Nd2 Na5 18. Ndb1 Ba6 19. b3 h6 20. Bd2 Bd6 21. e4 dxe4 22. Nxe4 Bb4 23. Bc3 Bxc3 24. Nbxc3 f5 25. Nd2 Kh7 26. Re1 Qd6 27. Nb5 Rxc2 28. Nxd6 Rxc1 29. Rxc1 Nf6 30. b4 Rd8 31. Nxf5 exf5 32. bxa5 Rxd4 33. axb6 axb6 34. Nb3 Rc4 35. Rd1 Rc2 36. Rd2 Rxd2 37. Nxd2 Kg6 38. Bc6 Kf7 39. f3 Ke6 40. Kf2 Kd6 41. Ba8 Kc5 42. Ke3 Nd5+ 43. Bxd5 Kxd5 44. Kf4 Bc8 45. h4 Kd4 46. Nb3+ Kc3 47. Ke5 Kb2 48. Kd6 Kxa2 49. Nd4 Kb2 50. Kc6 Kc3 51. Nb5+ Kd3 52. Nd6 Be6 53. Kxb6 Ke3 54. Ne8 g6 55. Ng7 Bf7 56. g4 f4 57. h5 gxh5 58. gxh5 Kxf3 59. Kc5 Kg4 60. Kd4 f3 61. Ke3 Kg5 62. Kxf3 Kf6 0-1

[Event "Mario Desautels mem"]
[Site "Hull CAN"]
[Date "1999.09.28"]
[Round "3"]
[White "Lemieux, Richard"]
[Black "Groleau, Gilles"]
[Result "0-1"]
[WhiteElo "1838"]
[BlackElo "1978"]
[PlyCount "56"]
[GameId "2160767911742145"]
[EventDate "1999.09.14"]
[EventType "swiss"]
[EventRounds "5"]
[EventCountry "CAN"]

1. e4 c5 2. Nf3 e6 3. d4 cxd4 4. Nxd4 Nf6 5. e5 Qa5+ 6. c3 Qxe5+ 7. Be2 Nc6 8. Nf3 Qc7 9. Bg5 Be7 10. Nbd2 O-O 11. Bd3 d5 12. Qc2 h6 13. Bh4 e5 14. Bf5 e4 15. Bxc8 Raxc8 16. Bg3 Bd6 17. Ng1 Nb4 18. Qb3 Nd3+ 19. Kf1 Bxg3 20. hxg3 Qc5 21. Nh3 Ng4 22. Qc2 Ndxf2 23. Nb3 Qc4+ 24. Kg1 Nxh1 25. Kxh1 Qc7 26. Nf4 g5 27. Nh5 f5 28. Nd4 Qf7 0-1

[Event "Mario Desautels mem"]
[Site "Hull CAN"]
[Date "1999.10.05"]
[Round "4"]
[White "Gagnon, Fabien"]
[Black "Duquette, Patrick"]
[Result "1-0"]
[WhiteElo "2031"]
[BlackElo "1917"]
[PlyCount "65"]
[GameId "2160767911742147"]
[EventDate "1999.09.14"]
[EventType "swiss"]
[EventRounds "5"]
[EventCountry "CAN"]

1. e4 c5 2. Nf3 d6 3. g3 Nf6 4. d3 Nc6 5. Bg2 g6 6. O-O Bg7 7. Nbd2 O-O 8. a4 Rb8 9. Nc4 Bd7 10. Nh4 b6 11. f4 d5 12. Ne3 dxe4 13. dxe4 Qc8 14. e5 Ne8 15. Rf2 Nd4 16. Nd5 Nc6 17. Nf3 Nc7 18. Ne3 Bh3 19. Bh1 Rd8 20. Rd2 Rxd2 21. Bxd2 Bd7 22. Bc3 Qe8 23. Qe2 Rd8 24. Ng5 Ne6 25. Nxe6 Bxe6 26. a5 Nd4 27. Bxd4 Rxd4 28. axb6 axb6 29. Ra8 Rd8 30. Ra7 Rd7 31. Bc6 Rd1+ 32. Qxd1 Qxc6 33. Qd8+ 1-0

[Event "Mario Desautels mem"]
[Site "Hull CAN"]
[Date "1999.10.05"]
[Round "4"]
[White "Groleau, Gilles"]
[Black "Arsenault, Michel"]
[Result "1-0"]
[WhiteElo "1978"]
[BlackElo "1886"]
[PlyCount "127"]
[GameId "2160767911742148"]
[EventDate "1999.09.14"]
[EventType "swiss"]
[EventRounds "5"]
[EventCountry "CAN"]

1. e4 c5 2. Nf3 e6 3. Be2 Nc6 4. O-O Nf6 5. Nc3 Be7 6. d4 cxd4 7. Nxd4 d6 8. Kh1 O-O 9. Be3 Bd7 10. f4 Qc7 11. Qe1 Nxd4 12. Bxd4 Bc6 13. Bf3 b5 14. Qg3 Qb7 15. e5 dxe5 16. fxe5 Ne4 17. Nxe4 Bxe4 18. Rae1 Bxf3 19. Rxf3 Rac8 20. Be3 Kh8 21. Qf2 Kg8 22. Rf1 f5 23. exf6 Bxf6 24. Bxa7 Rxc2 25. Qxc2 Qxa7 26. a3 Qd4 27. Qb3 Qc4 28. h3 Rd8 29. Qxc4 bxc4 30. b4 Rc8 31. Rc1 c3 32. Rc2 Kf7 33. Kg1 Ke7 34. Rd3 Rc4 35. Kf1 h5 36. Ke2 g5 37. Kd1 g4 38. Kc1 h4 39. Kb1 g3 40. Ka2 Rf4 41. Kb3 e5 42. Rf3 Rxf3 43. gxf3 Kd6 44. Kc4 e4 45. fxe4 Ke5 46. Kd3 Kf4 47. a4 Be5 48. a5 Kf3 49. a6 Bb8 50. e5 Ba7 51. e6 Bf2 52. e7 g2 53. Rxf2+ Kxf2 54. e8=Q g1=Q 55. Qe3+ Kg2 56. Qxg1+ Kxg1 57. a7 Kg2 58. a8=Q+ Kxh3 59. Kxc3 Kh2 60. b5 h3 61. b6 Kg1 62. b7 h2 63. b8=Q h1=Q 64. Qb1+ 1-0

[Event "Mario Desautels mem"]
[Site "Hull CAN"]
[Date "1999.10.05"]
[Round "4"]
[White "Laurin, Jacques"]
[Black "Lemieux, Richard"]
[Result "1-0"]
[WhiteElo "1987"]
[BlackElo "1838"]
[PlyCount "76"]
[GameId "2160767911742149"]
[EventDate "1999.09.14"]
[EventType "swiss"]
[EventRounds "5"]
[EventCountry "CAN"]

1. c4 c5 2. Nc3 Nc6 3. g3 g6 4. Bg2 e6 5. Nf3 Bg7 6. e4 d6 7. O-O Nf6 8. d4 cxd4 9. Nxd4 Nxd4 10. Qxd4 Nh5 11. Qd3 O-O 12. Nb5 a6 13. Qa3 d5 14. exd5 exd5 15. cxd5 Re8 16. Nc3 Bf8 17. Qb3 Bc5 18. Ne4 Ba7 19. Bh6 Bd4 20. Rad1 Bg7 21. Bxg7 Nxg7 22. Rfe1 Bf5 23. Nc3 Rb8 24. Ne2 Qd6 25. Nd4 Bd7 26. Re3 Rec8 27. Rde1 Rc7 28. Re7 Re8 29. Rxe8+ Nxe8 30. Qf3 Qb4 31. Qe3 Qxb2 32. Bh3 Rc3 33. Qe7 Bxh3 34. Qxe8+ Kg7 35. Qe5+ Kg8 36. Qg5 Rc8 37. Nf3 Qxa2 38. Qh6 Bf5 1-0

[Event "Mario Desautels mem"]
[Site "Hull CAN"]
[Date "1999.10.05"]
[Round "4"]
[White "Menard, Marc"]
[Black "Lavergne, Daniel"]
[Result "1-0"]
[WhiteElo "1579"]
[BlackElo "1539"]
[PlyCount "59"]
[GameId "2160767911742150"]
[EventDate "1999.09.14"]
[EventType "swiss"]
[EventRounds "5"]
[EventCountry "CAN"]

1. e4 c5 2. Nf3 d6 3. d4 cxd4 4. Nxd4 Nf6 5. Nc3 g6 6. Bg5 Bg7 7. Be2 Nc6 8. Bb5 Bd7 9. Nxc6 bxc6 10. Bc4 O-O 11. O-O h6 12. Bh4 Kh7 13. Qd2 Qa5 14. Rad1 Rab8 15. Bb3 Qh5 16. Bg3 Rb4 17. Rfe1 Be6 18. a3 Rxb3 19. cxb3 Bxb3 20. Rc1 Qa5 21. e5 dxe5 22. Rxe5 Nd5 23. Ree1 Nxc3 24. bxc3 Rd8 25. Qf4 Qxa3 26. c4 f5 27. Qe3 Bb2 28. Rb1 Bc2 29. Rxb2 Qxe3 30. fxe3 1-0

[Event "Mario Desautels mem"]
[Site "Hull CAN"]
[Date "1999.10.12"]
[Round "5"]
[White "Arsenault, Michel"]
[Black "Laurin, Jacques"]
[Result "1-0"]
[WhiteElo "1886"]
[BlackElo "1987"]
[PlyCount "85"]
[GameId "2160767911742151"]
[EventDate "1999.09.14"]
[EventType "swiss"]
[EventRounds "5"]
[EventCountry "CAN"]

1. c4 Nf6 2. g3 g6 3. Bg2 Bg7 4. Nc3 Nc6 5. e4 d6 6. Nge2 O-O 7. O-O Ne5 8. d3 c6 9. h3 Ned7 10. Be3 Nb6 11. Qd2 Re8 12. f4 e6 13. g4 Kh8 14. Rf2 Ng8 15. Rb1 f5 16. c5 dxc5 17. Bxc5 fxg4 18. hxg4 Nh6 19. g5 Ng4 20. Rf3 e5 21. Rbf1 Nc4 22. Qc1 Nd6 23. f5 gxf5 24. Bxd6 Qxd6 25. exf5 e4 26. Rf4 Bxf5 27. dxe4 Be6 28. Bh3 Qc5+ 29. Kh1 Ne3 30. R1f3 Nc4 31. Bxe6 Rxe6 32. Rh4 Rf8 33. Rfh3 Nxb2 34. Nf4 Qxg5 35. Rxh7+ Kg8 36. Rxg7+ Qxg7 37. Nxe6 Qg4 38. Rh8+ Kxh8 39. Qh6+ Kg8 40. Qxf8+ Kh7 41. Qf7+ Kh8 42. Qf6+ Kh7 43. Ng5+ 1-0

[Event "Mario Desautels mem"]
[Site "Hull CAN"]
[Date "1999.10.12"]
[Round "5"]
[White "Lemieux, Richard"]
[Black "Gagnon, Fabien"]
[Result "0-1"]
[WhiteElo "1838"]
[BlackElo "2031"]
[PlyCount "100"]
[GameId "2160767911742152"]
[EventDate "1999.09.14"]
[EventType "swiss"]
[EventRounds "5"]
[EventCountry "CAN"]

1. e4 c5 2. Nf3 Nc6 3. d4 cxd4 4. Nxd4 g6 5. Bc4 Bg7 6. Be3 Nf6 7. Nc3 Qa5 8. O-O O-O 9. f4 d6 10. h3 Bd7 11. Bb3 Nxd4 12. Bxd4 Bc6 13. Qd3 e5 14. Be3 Rad8 15. Rad1 Kh8 16. f5 gxf5 17. Rxf5 Bd7 18. Rf2 Be6 19. Bg5 Qb6 20. Na4 Qd4 21. Qxd4 exd4 22. Bxf6 Bxf6 23. Rxf6 Bxb3 24. axb3 b5 25. Rxd4 bxa4 26. bxa4 Rb8 27. b4 Rfc8 28. Rfxd6 Rxc2 29. Rd8+ Rxd8 30. Rxd8+ Kg7 31. Rd4 a6 32. h4 Rb2 33. Kh2 Kf6 34. Rc4 Ke5 35. Kg3 h5 36. Rc5+ Kxe4 37. Rxh5 Rxb4 38. Ra5 Rb6 39. h5 f5 40. Kh4 f4 41. Kg5 Rb2 42. Rxa6 Rxg2+ 43. Kf6 f3 44. Re6+ Kf4 45. Kf7 Rg5 46. h6 Rf5+ 47. Rf6 Rxf6+ 48. Kxf6 f2 49. h7 f1=Q 50. h8=Q Qa1+ 0-1

[Event "Mario Desautels mem"]
[Site "Hull CAN"]
[Date "1999.10.12"]
[Round "5"]
[White "Thibault, Mario"]
[Black "Menard, Marc"]
[Result "0-1"]
[WhiteElo "1757"]
[BlackElo "1579"]
[PlyCount "64"]
[GameId "2160767911742154"]
[EventDate "1999.09.14"]
[EventType "swiss"]
[EventRounds "5"]
[EventCountry "CAN"]

1. f4 e5 2. fxe5 Nc6 3. Nf3 d6 4. exd6 Bxd6 5. d4 Bg4 6. g3 Qe7 7. Bg2 Nf6 8. c3 O-O-O 9. O-O Nd5 10. Qd3 Rhe8 11. Re1 Ne3 12. Ne5 Bxe5 13. Qxe3 Bxd4 14. cxd4 Qxe3+ 15. Bxe3 Rxe3 16. d5 Nd4 17. Na3 Rde8 18. Nc4 Rxe2 19. Rxe2 Rxe2 20. Kf1 b5 21. Rd1 Rxg2 22. Rxd4 Bh3 23. Rh4 Rxh2+ 24. Kg1 Rg2+ 25. Kh1 Rxg3 26. Ne5 Bf5 27. Rf4 Bg6 28. Kh2 Rg5 29. Nc6 Kb7 30. Ne7 Rh5+ 31. Kg2 Re5 32. Nxg6 fxg6 0-1

[Event "Maritime op"]
[Site "Charlottetown CAN"]
[Date "1999.10.09"]
[Round "1"]
[White "Doucette, Raymond"]
[Black "Mayo, Alvah"]
[Result "0-1"]
[WhiteElo "1688"]
[BlackElo "2062"]
[PlyCount "76"]
[GameId "2160767911742022"]
[EventDate "1999.10.09"]
[EventType "swiss"]
[EventRounds "6"]
[EventCountry "CAN"]
[SourceTitle "CFC 2000.02"]
[Source "CFC"]
[SourceDate "2000.02.??"]
[SourceVersionDate "2000.02.??"]
[SourceQuality "1"]

1. d4 Nf6 2. Nf3 c5 3. Bf4 cxd4 4. Nxd4 d6 5. Nb3 g6 6. e3 Bg7 7. c3 Nc6 8. N1d2 O-O 9. Bd3 Bd7 10. h4 a5 11. Nf3 a4 12. Nbd2 a3 13. h5 axb2 14. Rb1 Rxa2 15. Qb3 Be6 16. Qxb7 Qa8 17. Rxb2 Qxb7 18. Rxb7 Nxh5 19. Bb1 Ra1 20. Rc7 Rc8 21. Rxc8+ Bxc8 22. c4 Na5 23. O-O Nxf4 24. exf4 Ba6 25. Rc1 Nxc4 26. Nb3 Ra3 27. Nfd4 e5 28. fxe5 dxe5 29. Nc5 exd4 30. Nxa6 Ra1 31. Kh2 Be5+ 32. g3 d3 33. Nb4 d2 34. Rd1 Nb2 35. Rxd2 Rxb1 36. Nc6 Bf6 37. Rc2 Nd3 38. Kg2 Ne1+ 0-1

[Event "Maritime op"]
[Site "Charlottetown CAN"]
[Date "1999.10.09"]
[Round "1"]
[White "Doucette, Raymond"]
[Black "Mayo, Alvah"]
[Result "0-1"]
[WhiteElo "1688"]
[BlackElo "2062"]
[PlyCount "56"]
[GameId "2160767911742023"]
[EventDate "1999.10.09"]
[EventType "swiss"]
[EventRounds "6"]
[EventCountry "CAN"]
[SourceTitle "EXT 2002"]
[Source "ChessBase"]
[SourceDate "2001.11.25"]
[SourceVersion "1"]
[SourceVersionDate "2001.11.25"]
[SourceQuality "1"]

1. d4 Nf6 2. Nf3 c5 3. Bf4 cxd4 4. Nxd4 d6 5. Nb3 g6 6. e3 Bg7 7. c3 Nc6 8. N1d2 O-O 9. Bd3 Bd7 10. h4 a5 11. Nf3 a4 12. Nbd2 a3 13. h5 axb2 14. Rb1 Rxa2 15. Qb3 Be6 16. Qxb7 Qa8 17. Rxb2 Qxb7 18. Rxb7 Nxh5 19. Bb1 Ra1 20. Rc7 Rc8 21. Rxc8+ Bxc8 22. c4 Na5 23. Nb3 Ra3 24. Nfd4 e5 25. Nc5 exd4 26. Na6 Ra1 27. Be5 d3 28. Nb4 d2+ 0-1

[Event "Maritime op"]
[Site "Charlottetown CAN"]
[Date "1999.10.09"]
[Round "2"]
[White "Mayo, Alvah"]
[Black "Gulati, Justin"]
[Result "1-0"]
[WhiteElo "2062"]
[BlackElo "2001"]
[PlyCount "55"]
[GameId "2160767911742024"]
[EventDate "1999.10.09"]
[EventType "swiss"]
[EventRounds "6"]
[EventCountry "CAN"]

1. d4 Nf6 2. Nf3 g6 3. g3 b6 4. Bg2 Bb7 5. O-O d5 6. b3 Bg7 7. Bb2 Nbd7 8. Nbd2 c5 9. c4 O-O 10. Re1 e6 11. Rc1 Re8 12. Rc2 a6 13. Qa1 Rc8 14. h3 cxd4 15. Bxd4 Qe7 16. Ne5 Nxe5 17. Bxe5 Nh5 18. Bxg7 Nxg7 19. Rec1 dxc4 20. Bxb7 Qxb7 21. Nxc4 Rc5 22. Nd6 Qd5 23. Nxe8 Nxe8 24. Rxc5 bxc5 25. Qc3 h6 26. Qxc5 Qd2 27. Qe3 Qd7 28. Qxh6 1-0

[Event "Maritime op"]
[Site "Charlottetown CAN"]
[Date "1999.10.10"]
[Round "3"]
[White "Gulati, Justin"]
[Black "Bowes, Richard"]
[Result "1-0"]
[WhiteElo "2001"]
[BlackElo "2011"]
[PlyCount "63"]
[GameId "2160767911742025"]
[EventDate "1999.10.09"]
[EventType "swiss"]
[EventRounds "6"]
[EventCountry "CAN"]
[SourceTitle "EXT 2002"]
[Source "ChessBase"]
[SourceDate "2001.11.25"]
[SourceVersion "1"]
[SourceVersionDate "2001.11.25"]
[SourceQuality "1"]

1. c4 Nf6 2. Nc3 c6 3. Nf3 d5 4. d4 dxc4 5. e3 b5 6. a4 Nd5 7. Ne5 Nxc3 8. bxc3 Bb7 9. Qf3 Qd5 10. Rb1 Qxf3 11. gxf3 a6 12. Bxc4 e6 13. Be2 Bc8 14. f4 f6 15. Nd3 Nd7 16. Bf3 Bb7 17. c4 Rc8 18. axb5 axb5 19. cxb5 Rc7 20. b6 Rc8 21. Bd2 Be7 22. Bb4 Bxb4+ 23. Rxb4 Ra8 24. O-O Ra3 25. Nc5 Nxc5 26. dxc5 Rc3 27. Ra1 O-O 28. Ra5 Rd8 29. Kg2 Rc2 30. Rd4 Rb8 31. Rd7 Ba8 32. Raa7 1-0

[Event "Maritime op"]
[Site "Charlottetown CAN"]
[Date "1999.10.10"]
[Round "3"]
[White "Livingstone, James"]
[Black "Mayo, Alvah"]
[Result "0-1"]
[WhiteElo "1327"]
[BlackElo "2062"]
[PlyCount "80"]
[GameId "2160767911742026"]
[EventDate "1999.10.09"]
[EventType "swiss"]
[EventRounds "6"]
[EventCountry "CAN"]

1. d4 g6 2. Nf3 Bg7 3. Bg5 c5 4. e3 Nc6 5. c3 cxd4 6. exd4 d6 7. Be2 Bg4 8. Nbd2 Nf6 9. Bxf6 Bxf6 10. O-O O-O 11. h3 Bd7 12. Qb3 Qc7 13. Rfe1 a6 14. a4 Rfc8 15. Rac1 Rab8 16. Ne4 Bg7 17. Bf1 b5 18. axb5 axb5 19. Qc2 Nxd4 20. Nxd4 Bxd4 21. Qd2 Bg7 22. Ng3 Be6 23. Ne2 Bc4 24. Nd4 e5 25. Bxc4 exd4 26. Bxf7+ Qxf7 27. cxd4 Rxc1 28. Rxc1 Rf8 29. Rf1 Qd5 30. Rd1 Re8 31. f3 Rc8 32. Qe3 h6 33. b3 b4 34. Kh1 Rc3 35. Qe8+ Kh7 36. Qd7 Rxf3 37. Kh2 Rxb3 38. Re1 Qxd4 39. Re7 Qf4+ 40. Kg1 Rb1+ 0-1

[Event "Maritime op"]
[Site "Charlottetown CAN"]
[Date "1999.10.10"]
[Round "4"]
[White "Breau, Robert"]
[Black "Mayo, Alvah"]
[Result "0-1"]
[WhiteElo "2059"]
[BlackElo "2062"]
[PlyCount "68"]
[GameId "2160767911742027"]
[EventDate "1999.10.09"]
[EventType "swiss"]
[EventRounds "6"]
[EventCountry "CAN"]
[SourceTitle "CFC 2000.02"]
[Source "CFC"]
[SourceDate "2000.02.??"]
[SourceVersionDate "2000.02.??"]
[SourceQuality "1"]

1. d4 g6 2. Nf3 Bg7 3. c4 c5 4. d5 d6 5. Nc3 Bxc3+ 6. bxc3 f5 7. Ng5 Qa5 8. Qb3 Nf6 9. Qb5+ Qxb5 10. cxb5 Nxd5 11. g3 h6 12. Nh3 e5 13. c4 Nb6 14. e3 Be6 15. Bg2 Rh7 16. a4 Nxc4 17. O-O g5 18. f4 g4 19. Nf2 e4 20. Rd1 d5 21. Bf1 Na5 22. Bb2 Nd7 23. Ra3 Nb6 24. Raa1 Nbc4 25. Bxc4 Nxc4 26. Bc1 Rd7 27. Re1 Kf7 28. h3 h5 29. hxg4 hxg4 30. Kg2 Rh8 31. Nd1 d4 32. exd4 cxd4 33. Nb2 Nxb2 34. Bxb2 e3 0-1

[Event "Maritime op"]
[Site "Charlottetown CAN"]
[Date "1999.10.10"]
[Round "4"]
[White "McKim, Fred"]
[Black "Gulati, Justin"]
[Result "0-1"]
[WhiteElo "2109"]
[BlackElo "2001"]
[PlyCount "108"]
[GameId "2160767911742028"]
[EventDate "1999.10.09"]
[EventType "swiss"]
[EventRounds "6"]
[EventCountry "CAN"]
[SourceTitle "EXT 2002"]
[Source "ChessBase"]
[SourceDate "2001.11.25"]
[SourceVersion "1"]
[SourceVersionDate "2001.11.25"]
[SourceQuality "1"]

1. d4 Nf6 2. Bg5 e6 3. e4 h6 4. Bxf6 Qxf6 5. Nf3 d5 6. e5 Qd8 7. Bd3 c5 8. O-O Nc6 9. c3 cxd4 10. cxd4 Qb6 11. Nc3 Bd7 12. Ne2 Be7 13. a3 Qxb2 14. Rb1 Qxa3 15. Rxb7 Nb4 16. Ne1 Bc6 17. Bb5 Bxb5 18. Rxb5 Qa6 19. Nc3 Rc8 20. Qa4 Qxa4 21. Nxa4 Nc6 22. Nf3 O-O 23. h3 a5 24. Rfb1 Bb4 25. Rb6 Ne7 26. Rb3 Rc1+ 27. Kh2 Rfc8 28. Rb7 R8c2 29. Rb2 Ng6 30. Kg3 Ne7 31. Kh2 Nf5 32. Rb8+ Kh7 33. Rb7 Rc7 34. Rxc7 Rxc7 35. g4 Ne7 36. Kg3 Rc4 37. Nb6 Rc3 38. Na4 Ra3 39. Nb6 Nc6 40. Kg2 Bc3 41. Rc2 Nxd4 42. Rxc3 Rxc3 43. Nxd4 a4 44. Ne2 Rc2 45. Nd4 Rb2 46. Nxa4 Rb4 47. Nxe6 fxe6 48. Nc5 Rb6 49. f4 Rc6 50. Nd7 Kg8 51. Kf2 Kf7 52. Nb8 Rb6 53. Nd7 Rb5 54. f5 Ke7 0-1

[Event "Maritime op"]
[Site "Charlottetown CAN"]
[Date "1999.10.11"]
[Round "5"]
[White "Gulati, Justin"]
[Black "Breau, Robert"]
[Result "1-0"]
[WhiteElo "2001"]
[BlackElo "2059"]
[PlyCount "67"]
[GameId "2160767911742029"]
[EventDate "1999.10.09"]
[EventType "swiss"]
[EventRounds "6"]
[EventCountry "CAN"]
[SourceTitle "EXT 2002"]
[Source "ChessBase"]
[SourceDate "2001.11.25"]
[SourceVersion "1"]
[SourceVersionDate "2001.11.25"]
[SourceQuality "1"]

1. c4 Nf6 2. g3 g6 3. Nc3 Bg7 4. Bg2 O-O 5. d4 d6 6. e4 Nbd7 7. Nge2 c6 8. h3 Rb8 9. a4 e5 10. Be3 a6 11. d5 cxd5 12. cxd5 h6 13. O-O Re8 14. Nc1 Nf8 15. Nd3 g5 16. a5 Ng6 17. Qd2 Nh5 18. Qe2 Nf6 19. b4 Bd7 20. Rfc1 Nh7 21. Nb2 f5 22. Nc4 Bf8 23. Bb6 Qf6 24. exf5 Bxf5 25. Ne4 Bxe4 26. Bxe4 Rbc8 27. Ra3 Ne7 28. Qd3 Qg7 29. Rac3 Nf6 30. Nxd6 Rxc3 31. Rxc3 Nxe4 32. Nxe8 Qg6 33. Qxe4 Qxe8 34. Qxe5 1-0

[Event "Maritime op"]
[Site "Charlottetown CAN"]
[Date "1999.10.11"]
[Round "5"]
[White "Mayo, Alvah"]
[Black "Guignard, Michael"]
[Result "1-0"]
[WhiteElo "2062"]
[BlackElo "2091"]
[PlyCount "83"]
[GameId "2160767911742030"]
[EventDate "1999.10.09"]
[EventType "swiss"]
[EventRounds "6"]
[EventCountry "CAN"]

1. d4 Nf6 2. c4 g6 3. Nc3 Bg7 4. e4 d6 5. f3 O-O 6. Be3 e5 7. d5 Nh5 8. Nge2 f5 9. Qd2 Nd7 10. Nc1 a5 11. Nd3 b6 12. Be2 Nc5 13. Nxc5 bxc5 14. O-O-O Rf7 15. Kb1 Bd7 16. Nb5 Bxb5 17. cxb5 fxe4 18. fxe4 Qh4 19. Bd3 Nf6 20. Bg5 Qg4 21. h3 Qd7 22. Qc2 Nh5 23. Rhe1 h6 24. Be3 Qe7 25. Qc4 Ng3 26. Rc1 h5 27. Rc3 Bf6 28. Ra3 Bg5 29. Bg1 Bd2 30. Rd1 Qg5 31. Bc2 h4 32. Rd3 Nf1 33. Bxc5 dxc5 34. d6 Kg7 35. Bb3 Raf8 36. dxc7 Qf4 37. Rf3 Ne3 38. Qxf7+ Rxf7 39. Rxf4 Rxc7 40. Rf7+ Rxf7 41. Bxf7 Nxd1 42. b6 1-0

[Event "Maritime op"]
[Site "Charlottetown CAN"]
[Date "1999.10.11"]
[Round "6"]
[White "Guignard, Michael"]
[Black "Gulati, Justin"]
[Result "0-1"]
[WhiteElo "2091"]
[BlackElo "2001"]
[PlyCount "72"]
[GameId "2160767911742031"]
[EventDate "1999.10.09"]
[EventType "swiss"]
[EventRounds "6"]
[EventCountry "CAN"]
[SourceTitle "EXT 2002"]
[Source "ChessBase"]
[SourceDate "2001.11.25"]
[SourceVersion "1"]
[SourceVersionDate "2001.11.25"]
[SourceQuality "1"]

1. e4 g6 2. Nf3 Bg7 3. Bc4 d6 4. c3 Nf6 5. d3 Nc6 6. a4 Bg4 7. Qb3 O-O 8. Qxb7 Na5 9. Qa6 c5 10. b4 cxb4 11. cxb4 Nxc4 12. dxc4 Nxe4 13. Ra3 Rb8 14. Nbd2 Nxd2 15. Bxd2 Qc7 16. O-O Be6 17. c5 dxc5 18. b5 c4 19. Qa5 Qxa5 20. Bxa5 Rbc8 21. Bc3 Rfd8 22. Bxg7 Kxg7 23. Rc3 Rd3 24. Rfc1 Rcd8 25. Kf1 Rxc3 26. Rxc3 Rd1+ 27. Ke2 Ra1 28. Nd4 Bd5 29. Nc6 Rxa4 30. Nxe7 Bxg2 31. Nf5+ gxf5 32. Rg3+ Kf6 33. Rxg2 Rb4 34. Ke3 Rxb5 35. Kd4 Rb4 36. f4 c3+ 0-1

[Event "Maritime op"]
[Site "Charlottetown CAN"]
[Date "1999.10.11"]
[Round "6"]
[White "Mayo, Alvah"]
[Black "Davis, Neil"]
[Result "1-0"]
[WhiteElo "2062"]
[BlackElo "2120"]
[PlyCount "67"]
[GameId "2160767911742032"]
[EventDate "1999.10.09"]
[EventType "swiss"]
[EventRounds "6"]
[EventCountry "CAN"]

1. d4 Nf6 2. c4 e5 3. dxe5 Ng4 4. e4 Nc6 5. Qxg4 d5 6. Qd1 d4 7. Nf3 Bg4 8. Bf4 Bb4+ 9. Nbd2 d3 10. Qb3 Qe7 11. O-O-O a5 12. a3 a4 13. Qxd3 Rd8 14. Qc2 Bc5 15. Be2 O-O 16. h3 Be6 17. Be3 Bxe3 18. fxe3 Qc5 19. Qc3 Na5 20. Nd4 Bd7 21. N2f3 Rb8 22. Nf5 Be6 23. N3d4 Nb3+ 24. Nxb3 axb3 25. Rd5 Qa7 26. Qa5 Qxa5 27. Rxa5 c6 28. Nd4 b6 29. Ra7 Rbc8 30. Nxb3 b5 31. Nc5 Bxc4 32. Bxc4 bxc4 33. Rd1 Rfe8 34. e6 1-0